[Event "Dubinin mem corr"]
[Site "RCCA corr"]
[Date "2005.??.??"]
[Round "?"]
[White "Gaprindashvili, Paata Amerigovich"]
[Black "Matyukhin, Sergey Konstantinov"]
[Result "1/2-1/2"]
[WhiteElo "2565"]
[BlackElo "2610"]
[PlyCount "46"]
[EventDate "1999.06.30"]
[EventType "tourn (corr)"]
[EventRounds "10"]
[EventCountry "RUS"]
[SourceTitle "Corr 2008"]
[Source "ChessBase"]
[SourceDate "2008.06.24"]
[SourceVersion "1"]
[SourceVersionDate "2008.06.24"]
[SourceQuality "1"]

1. e4 c5 2. Nf3 d6 3. d4 cxd4 4. Nxd4 Nf6 5. Nc3 a6 6. Bg5 e6 7. f4 Nbd7 8. Qf3 Qc7 9. 0-0-0 b5 10. a3 Bb7 11. Bxf6 Nxf6 12. g4 Be7 13. g5 Nd7 14. Bh3 Nc5 15. Qe3 0-0 16. Kb1 Rfc8 17. Rhg1 Bf8 18. Rd2 Re8 19. Bg2 d5 20. e5 Nd7 21. Na2 Nb6 22. Qf2 Bc5 23. Rgd1 Nc4 1/2-1/2

[Event "Zagorovsky mem corr"]
[Site "RCCA corr"]
[Date "2003.??.??"]
[Round "?"]
[White "Muzyka, Nikolai Avraamovich"]
[Black "Gaprindashvili, Paata Amerigovich"]
[Result "1-0"]
[WhiteElo "2477"]
[BlackElo "2574"]
[PlyCount "113"]
[EventDate "1999.10.01"]
[EventType "tourn (corr)"]
[EventRounds "10"]
[EventCountry "RUS"]
[SourceTitle "Corr 2008"]
[Source "ChessBase"]
[SourceDate "2008.06.24"]
[SourceVersion "1"]
[SourceVersionDate "2008.06.24"]
[SourceQuality "1"]

1. Nf3 c5 2. c4 Nf6 3. Nc3 e6 4. e3 Be7 5. d4 cxd4 6. exd4 d5 7. cxd5 Nxd5 8. Bd3 Nc6 9. 0-0 0-0 10. Re1 Bf6 11. Be4 Nce7 12. Ne5 Nc6 13. Qd3 h6 14. a3 Nde7 15. Nxc6 bxc6 16. Rd1 Qb6 17. Na4 Qa6 18. Qxa6 Bxa6 19. Nc5 Be2 20. Re1 Bc4 21. Nd7 Rfd8 22. Nxf6+ gxf6 23. Bxh6 Rxd4 24. Rad1 Rxd1 25. Rxd1 Bd5 26. Bc2 Rb8 27. b4 Ng6 28. Be3 Rb7 29. f4 Nh4 30. Kf2 Kg7 31. Bc5 Rd7 32. g4 Ng6 33. Kg3 e5 34. f5 Nf4 35. Rd2 Rd8 36. Be3 Ra8 37. Bxf4 exf4+ 38. Kxf4 Re8 39. Bd3 Re1 40. Rc2 Rd1 41. Ke3 Ra1 42. Rc3 Kf8 43. h4 Rg1 44. Be2 Re1 45. Rc5 Ke7 46. h5 Rh1 47. Ra5 Kd6 48. Rxa7 Rh3+ 49. Kd4 Rh2 50. Bc4 Bxc4 51. Kxc4 Rh4 52. Rxf7 Rxg4+ 53. Kd3 Kd5 54. Rd7+ Ke5 55. h6 Rg3+ 56. Kc4 Rxa3 57. h7 1-0

[Event "Zagorovsky mem corr"]
[Site "RCCA corr"]
[Date "2002.??.??"]
[Round "?"]
[White "Kopylov, Igor Aleksandrovich"]
[Black "Gaprindashvili, Paata Amerigovich"]
[Result "1/2-1/2"]
[WhiteElo "2550"]
[BlackElo "2574"]
[PlyCount "53"]
[EventDate "1999.10.01"]
[EventType "tourn (corr)"]
[EventRounds "10"]
[EventCountry "RUS"]
[SourceTitle "Corr 2008"]
[Source "ChessBase"]
[SourceDate "2008.06.24"]
[SourceVersion "1"]
[SourceVersionDate "2008.06.24"]
[SourceQuality "1"]

1. e4 c5 2. Nf3 d6 3. d4 cxd4 4. Nxd4 Nf6 5. Nc3 e6 6. g4 Nc6 7. g5 Nd7 8. Be3 Be7 9. Rg1 a6 10. Qh5 0-0 11. 0-0-0 Re8 12. f4 Bf8 13. Rg3 g6 14. Qh4 h6 15. Rh3 Nxd4 16. Rxd4 b5 17. a3 Qc7 18. f5 Ne5 19. gxh6 Kh7 20. Rg3 Rb8 21. Be2 Qd8 22. Qxd8 Rxd8 23. Bg5 Rd7 24. h4 Rdb7 25. h5 exf5 26. Nd5 Be6 27. Nf6+ 1/2-1/2

[Event "Zagorovsky mem corr"]
[Site "RCCA corr"]
[Date "2001.??.??"]
[Round "?"]
[White "Khlusevich, Sergey Olegovich"]
[Black "Gaprindashvili, Paata Amerigovich"]
[Result "1/2-1/2"]
[WhiteElo "2630"]
[BlackElo "2574"]
[PlyCount "25"]
[EventDate "1999.10.01"]
[EventType "tourn (corr)"]
[EventRounds "10"]
[EventCountry "RUS"]
[SourceTitle "Corr 2008"]
[Source "ChessBase"]
[SourceDate "2008.06.24"]
[SourceVersion "1"]
[SourceVersionDate "2008.06.24"]
[SourceQuality "1"]

1. e4 c5 2. Nf3 d6 3. Bb5+ Bd7 4. Bxd7+ Nxd7 5. 0-0 Ngf6 6. Qe2 e6 7. b3 Be7 8. Bb2 0-0 9. c4 a6 10. Nc3 Re8 11. Kh1 Bf8 12. Rae1 Ng4 13. d4 1/2-1/2

[Event "Zagorovsky mem corr"]
[Site "RCCA corr"]
[Date "2000.??.??"]
[Round "?"]
[White "Gaprindashvili, Paata Amerigovich"]
[Black "Berdichesky, Ruben"]
[Result "1/2-1/2"]
[WhiteElo "2574"]
[BlackElo "2633"]
[PlyCount "45"]
[EventDate "1999.10.01"]
[EventType "tourn (corr)"]
[EventRounds "10"]
[EventCountry "RUS"]
[SourceTitle "Corr 2008"]
[Source "ChessBase"]
[SourceDate "2008.06.24"]
[SourceVersion "1"]
[SourceVersionDate "2008.06.24"]
[SourceQuality "1"]

1. e4 c6 2. d4 d5 3. Nc3 dxe4 4. Nxe4 Bf5 5. Ng3 Bg6 6. h4 h6 7. Nf3 Nd7 8. h5 Bh7 9. Bd3 Bxd3 10. Qxd3 Qc7 11. Bd2 e6 12. 0-0-0 Ngf6 13. Ne4 0-0-0 14. g3 Nxe4 15. Qxe4 Bd6 16. c4 c5 17. d5 Nf6 18. Qc2 exd5 19. cxd5 Rhe8 20. Bc3 Ng4 21. Kb1 Qd7 22. Rhe1 Rxe1 23. Rxe1 1/2-1/2